=LDR 00000nam 2200000 4500 =001 INLIS000000000028139 =005 20130612130451 =008 ***********************************Ind** =035 ##$$0010-061300000028139 =041 ##$$a Ind =082 ##$$a 923.6 =090 ##$$a 923.6, Kol k =100 ##$$a Rabbah, Riyanto =245 ##$$a kekuasaan untuk rakyat, refleksi 2 tahun sang pendobrak, Riyanto Rabbah =260 ##$$a 2005 $b Mataram =300 ##$$a 212 hlm, 21 cm =650 ##$$a pembaharuan sosial =850 ##$$a NBPNMAT